Tarjetas de crédito no bancarias y su nueva regulación: para todos los profesionales del área comercial y financiera

Uloženo v:
Podrobná bibliografie
Hlavní autor: Krausz Bitrán, Alan (Autor)
Médium: Kniha
Jazyk:španělština
Vydáno: Santiago Legis 2006
Vydání:1a. ed
Edice:Literatura Jurídica
Témata:
Tagy: Přidat tag
Žádné tagy, Buďte první, kdo vytvoří štítek k tomuto záznamu!

MARC

LEADER 00000cam a2200000 a 4500
001 UCF2241
003 CL-VaPUC
008 120810e20060000CL |||||||||||||||||spa|d
020 |a 9567498199 
082 0 4 |a 332.765  |b KRA  |2 21 
100 |a Krausz Bitrán, Alan  |e author  |9 563846 
245 1 0 |a Tarjetas de crédito no bancarias y su nueva regulación: para todos los profesionales del área comercial y financiera 
250 |a 1a. ed 
300 |a 339 p 
942 |c BK 
945 |d 20120810 00:00:00  |a dcastane 
260 |a Santiago  |b Legis  |c 2006 
650 7 |a TARJETA DE CREDITO  |2 CL-VaPUC  |9 254915 
650 7 |a INSTITUCIONES FINANCIERAS  |2 CL-VaPUC  |9 257940 
650 7 |a TARJETAS DE CREDITO COMERCIALES  |2 CL-VaPUC  |9 563847 
650 7 |a OPERACIONES DE CREDITO  |2 CL-VaPUC  |9 379468 
650 7 |a POLITICA CREDITICIA  |2 CL-VaPUC  |9 380684 
583 |a last modification  |c 20120810 11:35:00  |k Rodrigo Vera 
490 0 |a Literatura Jurídica 
999 |c 348841  |d 348839